| 000 | 00763cam a2200229 4500 | ||
|---|---|---|---|
| 001 | 190482 | ||
| 003 | ES-MaACL | ||
| 005 | 20250929063311.0 | ||
| 008 | 210406s2004 sp 001 0bspa | ||
| 020 | _a84-96417-01-8 | ||
| 080 | _a232.932 | ||
| 100 | 1 |
_aHernando Sánchez, José, _d1929- _9171238 |
|
| 245 | 1 | 0 |
_aJosé de Nazaret en la historia de la salvación / _cJosé Hernando Sánchez. |
| 250 | _a1ª ed. | ||
| 260 |
_aMadrid : _bSolingraf : _bLetra Clara, _c2004. |
||
| 300 |
_a127 p. : _b1 mapa ; _c21 cm. |
||
| 504 | _aBibliografía: p. 125-126. | ||
| 600 | 0 | 7 |
_aJosé, _cSanto. _9164003 |
| 852 | 4 |
_aES-MaACL _jA-14686 _9197659 _bR.152325 _cDEPO1 _dOlim: N-7686 _hDonación: Editorial |
|
| 942 |
_2udc _cMONOGRAFIA |
||
| 999 |
_c190482 _d190482 |
||